Online
Catalog

El firmamento es tu límite : (Record no. 2274)

MARC details
000 -CABECERA
campo de control de longitud fija 01106nam a2200289 a 4500
001 - NÚMERO DE CONTROL
campo de control 000002438
005 - FECHA Y HORA DE LA ÚLTIMA TRANSACCIÓN
campo de control 20260313133855.0
008 - DATOS DE LONGITUD FIJA--INFORMACIÓN GENERAL
campo de control de longitud fija 090702s2009 dr 000 0 spa d
020 ## - NÚMERO INTERNACIONAL ESTÁNDAR DEL LIBRO
Número Internacional Estándar del Libro 9789945162875
040 ## - FUENTE DE LA CATALOGACIÓN
Centro catalogador/agencia de origen DO-SdBNP
Lengua de catalogación spa
Centro/agencia transcriptor BNPHU
082 ## - NÚMERO DE LA CLASIFICACIÓN DECIMAL DEWEY
Número de clasificación 650.1
Número de documento/Ítem M538f
100 1# - ENTRADA PRINCIPAL--NOMBRE DE PERSONA
Nombre de persona Méndez, Wagner,
Fechas asociadas al nombre 1966-
9 (RLIN) 731
245 13 - MENCIÓN DE TÍTULO
Título El firmamento es tu límite :
Resto del título estrategias y tácticas para la excelencia profesional /
Mención de responsabilidad, etc. Wagner Méndez ; prólogo Francisco Méndez.
260 ## - PUBLICACIÓN, DISTRIBUCIÓN, ETC.
Lugar de publicación, distribución, etc. Santo Domingo :
Nombre del editor, distribuidor, etc. Wagner Management Group,
Fecha de publicación, distribución, etc. 2009.
300 ## - DESCRIPCIÓN FÍSICA
Extensión 132 p. ;
Dimensiones 22 cm.
500 ## - NOTA GENERAL
Nota general La biblioteca posee cuatro ejemplares autografiados por el autor.
590 ## - NOTA LOCAL (RLIN)
Nota local Inventariado, 2018/ YL
650 #4 - PUNTO DE ACCESO ADICIONAL DE MATERIA--TÉRMINO DE MATERIA
Término de materia o nombre geográfico como elemento de entrada Predicción del éxito laboral
9 (RLIN) 7708
650 #4 - PUNTO DE ACCESO ADICIONAL DE MATERIA--TÉRMINO DE MATERIA
Término de materia o nombre geográfico como elemento de entrada Motivación en el empleo
9 (RLIN) 7709
650 #4 - PUNTO DE ACCESO ADICIONAL DE MATERIA--TÉRMINO DE MATERIA
Término de materia o nombre geográfico como elemento de entrada Exito en los negocios
9 (RLIN) 7710
650 #4 - PUNTO DE ACCESO ADICIONAL DE MATERIA--TÉRMINO DE MATERIA
Término de materia o nombre geográfico como elemento de entrada Rendimiento laboral
9 (RLIN) 7711
650 #0 - PUNTO DE ACCESO ADICIONAL DE MATERIA--TÉRMINO DE MATERIA
Término de materia o nombre geográfico como elemento de entrada Responsabilidad profesional
9 (RLIN) 7712
650 #4 - PUNTO DE ACCESO ADICIONAL DE MATERIA--TÉRMINO DE MATERIA
Término de materia o nombre geográfico como elemento de entrada Motivación para el rendimiento
9 (RLIN) 7713
650 #0 - PUNTO DE ACCESO ADICIONAL DE MATERIA--TÉRMINO DE MATERIA
Término de materia o nombre geográfico como elemento de entrada Formación profesional
9 (RLIN) 7714
700 1# - PUNTO DE ACCESO ADICIONAL--NOMBRE DE PERSONA
Nombre de persona Méndez, Francisco,
Término indicativo de función/relación pról.
9 (RLIN) 7715
910 ## - DATOS DE OPCIÓN DEL USUARIO (OCLC)
Datos de opción del usuario Validado. Control de calidad MMOLINA
Holdings
Estado de retiro Estado de pérdida No para préstamo Código de colección Localización permanente Ubicación/localización actual Ubicación en estantería Fecha de adquisición Número de inventario Total de préstamos Signatura topográfica completa Código de barras Fecha visto por última vez Precio válido a partir de Tipo de ítem Koha Número de copia Restricciones de uso
    Excluido de préstamo Patrimonio Dominicano General General Depósito 02.07.2009 LF1   650.1 M538f 2438-10 25.06.2020 25.06.2020 Libro y Folleto Colección Patrimonio Dominicano    
    Excluido de préstamo Patrimonio Dominicano General General Depósito 02.07.2009 LF1   650.1 M538f 2438-20 25.06.2020 25.06.2020 Libro y Folleto Colección Patrimonio Dominicano e. 2  
      Dominicana de Servicio General General Depósito 02.07.2009 LF1   650.1 M538f 2438-30 25.06.2020 25.06.2020 Libro y Folleto Colección Dominicana de Servicio e. 3 Préstamo interno
      Dominicana de Servicio General General Depósito 15.07.2009 LF1   650.1 M538f 2438-40 25.06.2020 25.06.2020 Libro y Folleto Colección Dominicana de Servicio e. 4 Préstamo interno
      Dominicana de Servicio General General Depósito 15.07.2009 LF1   650.1 M538f 2438-50 25.06.2020 25.06.2020 Libro y Folleto Colección Dominicana de Servicio e. 5 Préstamo interno

Powered by Koha